Nicki Minaj quiz - Statistics

General Stats
  • This quiz has been taken 114 times
  • The average score is 7 of 15
Answer Stats
Hint Answer % Correct
Her son Papa Bear
72%
Feature on song where Cardi is featured Motorsport
71%
Real name Onika Tanya Maraj
71%
First Album Pink Friday
69%
Nicki is born in Trinidad and Tobago
69%
More recent beef Megan Thee Stalion
62%
"First things first-" "I'll eat your brain"
60%
Record lable Young Money
60%
Status in the music industry The Queen Of Rap
55%
First mixtape Playtime Is Over
35%
Female rapper whom Nicki has had beef with Remy Ma
31%
Instrument she played in middle school Clarinet
26%
"I'm Nicki Minaj-" "Nicki Lewinsky"
13%
One of her siblings Ming Maraj
6%
"You bitches can't even spell-" "Extra Oreos In Your McFlurry"
4%
No matching quizzes found
Score Distribution
Percent of People with Each Score
Percentile by Number Answered
Your Score History
You have not taken this quiz